[Event "Bayern-chI Bank Hofmann 24th"]
[Site "Tegernsee"]
[Date "2021.11.05"]
[Round "7"]
[White "Esswein, Karlheinz"]
[Black "Pieper, Thomas"]
[Result "1/2-1/2"]
[WhiteElo "2067"]
[BlackElo "2222"]
[PlyCount "37"]
[EventDate "2021.10.30"]
[EventType "swiss"]
[EventRounds "9"]
[EventCountry "GER"]
[SourceTitle "CBM 205 Extra"]
[Source "ChessBase"]
[SourceDate "2022.01.31"]
[SourceVersion "1"]
[SourceVersionDate "2022.01.31"]
[SourceQuality "1"]

1. c4 Nf6 2. g3 g6 3. Bg2 Bg7 4. d4 0-0 5. Nc3 d6 6. e4 c5 7. d5 e6 8. Nge2 exd5 9. cxd5 Nbd7 10. 0-0 a6 11. a4 Rb8 12. a5 Ne8 13. f4 Nc7 14. Qd3 b5 15. axb6 Rxb6 16. Ra2 Nb5 17. Be3 Rb8 18. h3 Qc7 19. Rc1 1/2-1/2

[Event "WchT Seniors 50"]
[Site "Prague"]
[Date "2020.03.09"]
[Round "4.9"]
[White "Pieper, Thomas"]
[Black "Sokolin, Leonid M"]
[Result "0-1"]
[WhiteElo "2258"]
[BlackElo "2496"]
[PlyCount "62"]
[EventDate "2020.03.06"]
[EventType "team-swiss"]
[EventRounds "7"]
[EventCountry "CZE"]
[SourceTitle "CBM 195 Extra"]
[Source "ChessBase"]
[SourceDate "2020.05.31"]
[SourceVersion "1"]
[SourceVersionDate "2020.05.31"]
[SourceQuality "1"]
[WhiteTeam "Germany 50 VI"]
[BlackTeam "United States 50 II"]
[WhiteTeamCountry "GER"]
[BlackTeamCountry "USA"]

1. e4 g6 2. d4 Bg7 3. Nf3 c6 4. h3 d6 5. Bc4 Nf6 6. Qe2 0-0 7. e5 Nd5 8. 0-0 b5 9. Bb3 a5 10. exd6 Qxd6 11. c3 Bf5 12. Re1 Ra7 13. Nh4 Be6 14. Nd2 Nf4 15. Qf3 Bxb3 16. axb3 Nd5 17. Ne4 Qc7 18. Qg3 e5 19. Nf3 f5 20. Neg5 e4 21. Ne6 Qxg3 22. fxg3 exf3 23. Nxf8 Kxf8 24. gxf3 Kf7 25. Bd2 Nd7 26. Kg2 N7b6 27. Re2 Bf6 28. Rc1 Ne7 29. Bf4 Nbd5 30. Bd6 f4 31. gxf4 Nf5 0-1

[Event "WchT Seniors 50"]
[Site "Prague"]
[Date "2020.03.07"]
[Round "2.5"]
[White "Pieper, Thomas"]
[Black "Potapov, Alexander1111"]
[Result "0-1"]
[WhiteElo "2258"]
[BlackElo "2413"]
[PlyCount "60"]
[EventDate "2020.03.06"]
[EventType "team-swiss"]
[EventRounds "7"]
[EventCountry "CZE"]
[SourceTitle "CBM 195 Extra"]
[Source "ChessBase"]
[SourceDate "2020.05.31"]
[SourceVersion "1"]
[SourceVersionDate "2020.05.31"]
[SourceQuality "1"]
[WhiteTeam "Germany 50 VI"]
[BlackTeam "Russia 50"]
[WhiteTeamCountry "GER"]
[BlackTeamCountry "RUS"]

1. e4 e5 2. Nf3 Nc6 3. d4 exd4 4. Nxd4 Nf6 5. Nxc6 bxc6 6. e5 Qe7 7. Qe2 Nd5 8. c4 Ba6 9. Nd2 g6 10. Qe4 Nb6 11. Bd3 Bg7 12. Nf3 f6 13. Bf4 fxe5 14. Bxe5 0-0 15. Bxg7 Qxe4+ 16. Bxe4 Kxg7 17. 0-0-0 Bxc4 18. b3 Bd5 19. Rhe1 Rae8 20. Bxd5 cxd5 21. Rxe8 Rxe8 22. Kd2 c5 23. Rc1 d6 24. Ne1 Kf6 25. Rc3 d4 26. Rf3+ Kg7 27. Nd3 Nd5 28. Nb2 Nc3 29. Nc4 d5 30. Nd6 Re6 0-1

[Event "Landesliga Sued 1920"]
[Site "Bayern"]
[Date "2020.03.01"]
[Round "7.2"]
[White "Babiy, Olga"]
[Black "Pieper, Thomas"]
[Result "1-0"]
[WhiteElo "2315"]
[BlackElo "2241"]
[PlyCount "52"]
[EventDate "2019.09.29"]
[EventType "team-tourn"]
[EventRounds "9"]
[EventCountry "GER"]
[SourceTitle "EXT 2021"]
[Source "ChessBase"]
[SourceDate "2020.10.23"]
[SourceVersion "1"]
[SourceVersionDate "2020.10.23"]
[SourceQuality "1"]
[WhiteTeam "Muenchen SC II"]
[BlackTeam "Groebenzell"]
[WhiteTeamCountry "GER"]
[BlackTeamCountry "GER"]

1. e4 c5 2. Nf3 d6 3. d4 cxd4 4. Nxd4 Nf6 5. Nc3 g6 6. Be3 Bg7 7. f3 0-0 8. Qd2 Nc6 9. g4 Nxd4 10. Bxd4 Be6 11. Nd5 Bxd5 12. exd5 e6 13. dxe6 fxe6 14. 0-0-0 Rc8 15. h4 Qc7 16. Rh2 Nd5 17. Bxg7 Qxg7 18. h5 Rc6 19. hxg6 hxg6 20. Bb5 Rb6 21. c4 Nf4 22. Rdh1 e5 23. a4 d5 24. cxd5 Rd6 25. Kb1 a6 26. Qc3 Nxd5 1-0

[Event "Landesliga Sued 1920"]
[Site "Bayern"]
[Date "2020.02.09"]
[Round "6.2"]
[White "Pieper, Thomas"]
[Black "Trapp, Maximilian"]
[Result "1-0"]
[WhiteElo "2241"]
[BlackElo "2159"]
[PlyCount "105"]
[EventDate "2019.09.29"]
[EventType "team-tourn"]
[EventRounds "9"]
[EventCountry "GER"]
[SourceTitle "EXT 2021"]
[Source "ChessBase"]
[SourceDate "2020.10.23"]
[SourceVersion "1"]
[SourceVersionDate "2020.10.23"]
[SourceQuality "1"]
[WhiteTeam "Groebenzell"]
[BlackTeam "Freising"]
[WhiteTeamCountry "GER"]
[BlackTeamCountry "GER"]

1. e4 d5 2. exd5 Nf6 3. d4 Nxd5 4. Nf3 c6 5. h3 Bf5 6. Nh4 Be4 7. Nd2 e6 8. Nxe4 Qxh4 9. Bd3 Nf4 10. Bf1 Nd5 11. Qf3 h6 12. c3 Nd7 13. g3 Qd8 14. Bg2 N7f6 15. Nd2 Nb6 16. 0-0 Be7 17. Rd1 0-0 18. Nf1 Re8 19. b3 Nfd7 20. Ne3 Bf8 21. Ng4 Qe7 22. a4 h5 23. Ne5 g6 24. a5 Nxe5 25. dxe5 Nd5 26. c4 Nb4 27. h4 Qc7 28. Bf4 Rad8 29. Bg5 Be7 30. Bf6 Bxf6 31. Qxf6 Nc2 32. Rab1 Nd4 33. g4 hxg4 34. h5 Qe7 35. Qxe7 Rxe7 36. hxg6 fxg6 37. b4 Red7 38. Kf1 Kg7 39. Be4 Kh6 40. Kg2 Kg5 41. Rb2 Nf5 42. Rxd7 Rxd7 43. b5 c5 44. b6 a6 45. Bc6 Re7 46. Bb5 axb5 47. Rxb5 Re8 48. Rxc5 Kf4 49. Rc7 Rb8 50. c5 Ra8 51. c6 Nh4+ 52. Kf1 g3 53. fxg3+ 1-0

[Event "Vienna op"]
[Site "Vienna"]
[Date "2019.08.23"]
[Round "8"]
[White "Pieper, Thomas"]
[Black "Muckle, Julius"]
[Result "0-1"]
[WhiteElo "2234"]
[BlackElo "2368"]
[PlyCount "64"]
[EventDate "2019.08.17"]
[EventType "swiss"]
[EventRounds "9"]
[EventCountry "AUT"]
[SourceTitle "EXT 2020"]
[Source "ChessBase"]
[SourceDate "2019.10.17"]
[SourceVersion "1"]
[SourceVersionDate "2019.10.17"]
[SourceQuality "1"]

1. e4 e6 2. d4 d5 3. Nc3 Nf6 4. e5 Nfd7 5. f4 c5 6. Nf3 Nc6 7. Be3 Be7 8. Qd2 0-0 9. dxc5 Qa5 10. 0-0-0 b6 11. Bb5 Nb4 12. a3 bxc5 13. Kb1 Rb8 14. Bxd7 Bxd7 15. axb4 cxb4 16. Nxd5 exd5 17. Qxd5 Qxd5 18. Rxd5 Bc6 19. Ra5 Rfc8 20. Nd2 Bxg2 21. Rg1 Bh3 22. Nb3 Bf5 23. Nd4 Be4 24. f5 Bd8 25. Rxa7 Bb6 26. Ra6 Bxd4 27. Bxd4 Bxc2+ 28. Ka2 Ra8 29. Ba7 Rc7 30. b3 Rcxa7 31. Rxa7 Rxa7+ 32. Kb2 Bxf5 0-1

[Event "Landesliga Sued 1819"]
[Site "Bayern"]
[Date "2019.02.03"]
[Round "6.2"]
[White "Parashchenko, Oleg"]
[Black "Pieper, Thomas"]
[Result "0-1"]
[WhiteElo "2156"]
[BlackElo "2217"]
[PlyCount "108"]
[EventDate "2018.10.21"]
[EventType "team-tourn"]
[EventRounds "9"]
[EventCountry "GER"]
[SourceTitle "EXT 2022"]
[Source "ChessBase"]
[SourceDate "2021.10.06"]
[SourceVersion "1"]
[SourceVersionDate "2021.10.06"]
[SourceQuality "1"]
[WhiteTeam "Freising SK"]
[BlackTeam "Groebenzell"]
[WhiteTeamCountry "GER"]
[BlackTeamCountry "GER"]

1. e4 c5 2. Nf3 d6 3. d4 cxd4 4. Nxd4 Nf6 5. Nc3 a6 6. f4 Qc7 7. Bd3 g6 8. Qe2 Bg7 9. Nf3 0-0 10. 0-0 b5 11. Kh1 b4 12. Nd1 Bb7 13. a3 a5 14. Bd2 Na6 15. Nf2 Nd7 16. c3 bxa3 17. Rxa3 Nac5 18. Rfa1 Nxd3 19. Nxd3 Qc4 20. Ra4 Qb5 21. Nd4 Qb6 22. Qe1 Nc5 23. Nxc5 dxc5 24. Nf3 Bc6 25. R4a2 a4 26. Qe3 Rfd8 27. Be1 Qb7 28. Qxc5 Bxe4 29. Qf2 Bc6 30. Nd4 Be8 31. Bd2 Rab8 32. Be3 e6 33. h3 Qd5 34. Qf3 Qc4 35. Qf1 Qc8 36. Qf2 f6 37. Rf1 Qc4 38. Raa1 e5 39. fxe5 fxe5 40. Nf3 Bc6 41. Bc5 e4 42. Nd4 Qxc5 43. Qf7+ Kh8 44. Qxg7+ Kxg7 45. Ne6+ Kh6 46. Nxc5 Rxb2 47. Rf4 Re8 48. Nxa4 Rd2 49. Rh4+ Kg7 50. Nc5 e3 51. Ra7+ Kf6 52. Ra6 e2 53. Ne4+ Kg7 54. Ra7+ Rd7 0-1

[Event "Landesliga Sued 1819"]
[Site "Bayern"]
[Date "2018.12.16"]
[Round "4.2"]
[White "Pieper, Thomas"]
[Black "Desnica, Vladan"]
[Result "1/2-1/2"]
[WhiteElo "2217"]
[BlackElo "2300"]
[PlyCount "45"]
[EventDate "2018.10.21"]
[EventType "team-tourn"]
[EventRounds "9"]
[EventCountry "GER"]
[SourceTitle "EXT 2022"]
[Source "ChessBase"]
[SourceDate "2021.10.06"]
[SourceVersion "1"]
[SourceVersionDate "2021.10.06"]
[SourceQuality "1"]
[WhiteTeam "Groebenzell"]
[BlackTeam "Trostberg TSV"]
[WhiteTeamCountry "GER"]
[BlackTeamCountry "GER"]

1. e4 d6 2. d4 Nf6 3. Nc3 e5 4. Nf3 exd4 5. Nxd4 Be7 6. Be2 0-0 7. 0-0 Re8 8. f4 Bf8 9. Bf3 c5 10. Ndb5 Nc6 11. a4 a6 12. Na3 Nd4 13. Nc4 Nxf3+ 14. Qxf3 Nxe4 15. Nxe4 d5 16. Ng5 dxc4 17. Qh5 h6 18. Qxf7+ Kh8 19. Qh5 Qd4+ 20. Kh1 Bd7 21. Nf7+ Kg8 22. Qg6 Re6 23. Nxh6+ 1/2-1/2

[Event "Landesliga Sued 1718"]
[Site "Bayern"]
[Date "2018.03.18"]
[Round "8.5"]
[White "Czap, Bernard"]
[Black "Pieper, Thomas"]
[Result "0-1"]
[WhiteElo "2028"]
[BlackElo "2225"]
[PlyCount "86"]
[EventDate "2017.10.22"]
[EventType "team-tourn"]
[EventRounds "9"]
[EventCountry "GER"]
[SourceTitle "EXT 2022"]
[Source "ChessBase"]
[SourceDate "2021.10.06"]
[SourceVersion "1"]
[SourceVersionDate "2021.10.06"]
[SourceQuality "1"]
[WhiteTeam "Unterhaching"]
[BlackTeam "Groebenzell"]
[WhiteTeamCountry "GER"]
[BlackTeamCountry "GER"]

1. c4 Nf6 2. g3 g6 3. Bg2 Bg7 4. Nc3 d6 5. d3 0-0 6. Rb1 a5 7. a3 Nc6 8. b4 axb4 9. axb4 e5 10. b5 Ne7 11. Nf3 h6 12. 0-0 Be6 13. Bb2 Qd7 14. Qb3 Bh3 15. Ra1 Bxg2 16. Kxg2 Nf5 17. e4 Ne7 18. Rxa8 Rxa8 19. Ra1 Rxa1 20. Bxa1 Nh5 21. Qa2 Nf4+ 22. Kg1 Nxd3 23. Qa8+ Qc8 24. Qa7 Qg4 25. Qe3 Nc5 26. Bb2 f5 27. Nd2 fxe4 28. h3 Qxh3 29. Ncxe4 Nf5 30. Qa3 Ne6 31. Qa8+ Kh7 32. Qxb7 Ned4 33. Bxd4 Nxd4 34. Nc3 h5 35. Nf3 Qg4 36. Nxd4 exd4 37. Nd5 d3 38. Qxc7 Qd4 39. b6 d2 40. Ne3 Qxe3 41. fxe3 d1Q+ 42. Kh2 h4 43. gxh4 Kh6 0-1

[Event "Landesliga Sued 1718"]
[Site "Bayern"]
[Date "2017.11.26"]
[Round "3.4"]
[White "Pieper, Thomas"]
[Black "Schwarzmeier, Klaus"]
[Result "1-0"]
[WhiteElo "2225"]
[BlackElo "2170"]
[PlyCount "143"]
[EventDate "2017.10.22"]
[EventType "team-tourn"]
[EventRounds "9"]
[EventCountry "GER"]
[SourceTitle "EXT 2022"]
[Source "ChessBase"]
[SourceDate "2021.10.06"]
[SourceVersion "1"]
[SourceVersionDate "2021.10.06"]
[SourceQuality "1"]
[WhiteTeam "Groebenzell"]
[BlackTeam "Rottal Inn"]
[WhiteTeamCountry "GER"]
[BlackTeamCountry "GER"]

1. e4 e6 2. d4 d5 3. Nc3 Bb4 4. e5 c5 5. a3 Bxc3+ 6. bxc3 Ne7 7. Qg4 0-0 8. Bd3 f5 9. exf6 Rxf6 10. Bg5 Rf7 11. Nf3 Nbc6 12. Qh4 h6 13. Bxe7 Qxe7 14. Qxe7 Rxe7 15. 0-0 c4 16. Bg6 Bd7 17. Rfe1 Be8 18. Bxe8 Raxe8 19. Ne5 Nxe5 20. Rxe5 Rd8 21. f4 g6 22. Rb1 Rd6 23. a4 Ra6 24. Rb4 Kf7 25. Kf2 b5 26. axb5 Ra2 27. Re2 Rb7 28. Ke3 Ra5 29. Re1 Raxb5 30. Reb1 Rxb4 31. cxb4 a5 32. b5 a4 33. g4 g5 34. Ra1 Rxb5 35. Rxa4 Rb2 36. Ra7+ Kf6 37. fxg5+ hxg5 38. Kd2 Rb1 39. Rh7 Rf1 40. h3 Rf3 41. Rh6+ Kf7 42. Ke2 Rg3 43. Rh7+ Kg6 44. Re7 Kf6 45. Rh7 Rg2+ 46. Kd1 c3 47. Rh6+ Kf7 48. Rh7+ Kg6 49. Re7 Kf6 50. Rc7 Rg3 51. Rh7 Re3 52. Rh8 Re4 53. Rf8+ Kg7 54. Rc8 Re3 55. Rc7+ Kg6 56. Re7 Kf6 57. Rh7 Re4 58. Rc7 Rxd4+ 59. Ke1 Re4+ 60. Kf2 d4 61. Rc8 Re3 62. Rh8 Re5 63. h4 gxh4 64. Rxh4 Rg5 65. Kf3 Ke5 66. Rh1 d3 67. Re1+ Kd4 68. Re4+ Kd5 69. cxd3 Kd6 70. Rc4 Rc5 71. Ke2 Rg5 72. Kd1 1-0

[Event "Landesliga Sued 1718"]
[Site "Bayern"]
[Date "2017.11.12"]
[Round "2.5"]
[White "Pieper, Thomas"]
[Black "Baeuml, Ulrich"]
[Result "1/2-1/2"]
[WhiteElo "2225"]
[BlackElo "2046"]
[PlyCount "138"]
[EventDate "2017.10.22"]
[EventType "team-tourn"]
[EventRounds "9"]
[EventCountry "GER"]
[SourceTitle "EXT 2022"]
[Source "ChessBase"]
[SourceDate "2021.10.06"]
[SourceVersion "1"]
[SourceVersionDate "2021.10.06"]
[SourceQuality "1"]
[WhiteTeam "Groebenzell"]
[BlackTeam "Dillingen"]
[WhiteTeamCountry "GER"]
[BlackTeamCountry "GER"]

1. e4 e6 2. d4 d5 3. Nc3 dxe4 4. Nxe4 Nd7 5. Bd3 Ngf6 6. Qe2 Be7 7. Nf3 c5 8. c3 Qc7 9. Bg5 a6 10. Nxf6+ Bxf6 11. Bxf6 Nxf6 12. Qe5 Qxe5+ 13. dxe5 Nd5 14. Nd2 0-0 15. g3 b5 16. c4 bxc4 17. Nxc4 Rb8 18. 0-0 Rd8 19. Rfd1 Bd7 20. Rd2 Bb5 21. Rad1 Kf8 22. b3 Nc3 23. Re1 Bxc4 24. bxc4 Rd4 25. Re3 Rbd8 26. Kf1 a5 27. Ke1 a4 28. Rc2 Rxd3 29. Rxc3 Rd1+ 30. Ke2 R1d2+ 31. Ke1 Rxa2 32. Ra3 Rdd2 33. Rxa4 Rxf2 34. Rxa2 Rxa2 35. Rb3 g5 36. Rb8+ Kg7 37. Rb5 Rxh2 38. Kf1 h5 39. Rxc5 h4 40. gxh4 Rxh4 41. Ke2 Kg6 42. Kd3 g4 43. Ke4 g3+ 44. Kf3 Rg4 45. Kg2 Kf5 46. Rc7 Rg7 47. c5 Kxe5 48. Rd7 Rg4 49. Rxf7 Kd5 50. Rf6 Rg8 51. c6 Rg7 52. c7 Rxc7 53. Kxg3 e5 54. Kf3 Rc3+ 55. Ke2 Ke4 56. Ra6 Rc2+ 57. Kd1 Rb2 58. Ra3 Kf4 59. Ke1 e4 60. Rc3 Rh2 61. Ra3 Rh1+ 62. Ke2 Rg1 63. Kf2 Rb1 64. Ke2 Rb2+ 65. Ke1 e3 66. Ra8 Rb4 67. Rf8+ Ke4 68. Re8+ Kd3 69. Rd8+ Ke4 1/2-1/2

[Event "Bayern-chI Bank Hofmann 21st"]
[Site "Tegernsee"]
[Date "2017.11.05"]
[Round "9"]
[White "Lindam, Ingo"]
[Black "Pieper, Thomas"]
[Result "1/2-1/2"]
[WhiteElo "2058"]
[BlackElo "2204"]
[PlyCount "129"]
[EventDate "2017.10.28"]
[EventType "swiss"]
[EventRounds "9"]
[EventCountry "GER"]
[SourceTitle "EXT 2019"]
[Source "ChessBase"]
[SourceDate "2018.10.10"]
[SourceVersion "1"]
[SourceVersionDate "2018.10.10"]
[SourceQuality "1"]

1. d4 d5 2. Nf3 Nf6 3. c4 dxc4 4. e3 Bg4 5. Bxc4 e6 6. h3 Bh5 7. Nbd2 Nbd7 8. 0-0 c5 9. dxc5 Bxc5 10. a3 0-0 11. b4 Bb6 12. Bb2 Qe7 13. Be2 Rac8 14. Qb3 Rfd8 15. Rac1 h6 16. Rxc8 Rxc8 17. Nc4 Bc7 18. Rc1 Bb8 19. Na5 Rxc1+ 20. Bxc1 Nb6 21. Bb2 Nfd5 22. Qc2 Bg6 23. Qc1 f6 24. Bd4 e5 25. Bc5 Qc7 26. Nc4 Nc8 27. Qd2 Bf7 28. g3 b6 29. e4 bxc5 30. exd5 cxb4 31. axb4 Qd7 32. Ne3 Nb6 33. Nh4 Nxd5 34. Bc4 Nb6 35. Qxd7 Nxd7 36. Nhf5 Nb6 37. Ne7+ Kf8 38. Bxf7 Kxf7 39. Nc6 Bd6 40. Nf5 Bf8 41. Nxa7 Bxb4 42. Nc6 Bd2 43. Nd8+ Ke8 44. Ne6 g6 45. Nh4 Bb4 46. Nc7+ Kd7 47. Na6 Ba3 48. Nxg6 Nc4 49. Nh4 Nd6 50. Ng2 Nf5 51. g4 Nd4 52. Ne3 Kc6 53. Kg2 Kb7 54. Nd5 Kxa6 55. Nxf6 Kb5 56. h4 Kc6 57. g5 hxg5 58. hxg5 Be7 59. Ne4 Ne6 60. Kg3 Nxg5 61. Nc3 Bd6 62. Kg4 Ne6 63. Kf5 Nc5 64. f3 Kb6 65. f4 1/2-1/2

[Event "Bayern-chI Bank Hofmann 21st"]
[Site "Tegernsee"]
[Date "2017.10.29"]
[Round "2"]
[White "Pieper, Thomas"]
[Black "Sandipan, Chanda"]
[Result "0-1"]
[WhiteElo "2204"]
[BlackElo "2555"]
[PlyCount "140"]
[EventDate "2017.10.28"]
[EventType "swiss"]
[EventRounds "9"]
[EventCountry "GER"]
[SourceTitle "CBM 181 Extra"]
[Source "ChessBase"]
[SourceDate "2017.12.12"]
[SourceVersion "1"]
[SourceVersionDate "2017.12.12"]
[SourceQuality "1"]

1. e4 g6 2. d4 Bg7 3. Nc3 c6 4. Be3 d5 5. h3 dxe4 6. Nxe4 Nd7 7. Nf3 Ngf6 8. Nxf6+ Nxf6 9. Bc4 Nd5 10. 0-0 0-0 11. Qd2 Nxe3 12. fxe3 b5 13. Bd3 Qd6 14. Qf2 f5 15. a4 b4 16. c3 Be6 17. Ng5 Bb3 18. Qe2 Bh6 19. Nf3 Bd5 20. Ne5 c5 21. Bc4 e6 22. a5 Rac8 23. Rfe1 cxd4 24. exd4 bxc3 25. bxc3 Bxc4 26. Nxc4 Qa6 27. Ne5 Qxe2 28. Rxe2 Rxc3 29. Nd7 Rd8 30. Nc5 Be3+ 31. Kh1 Rxd4 32. Nxe6 Re4 33. Nd8 Bg5 34. Rxe4 fxe4 35. Ne6 Bh4 36. Rf1 h5 37. Rf8+ Kh7 38. Rf7+ Kh6 39. Rf8 g5 40. Nd4 Ra3 41. Re8 Rxa5 42. g4 Ra3 43. Nf5+ Kg6 44. Re6+ Kf7 45. Rxe4 Kf6 46. Kg2 Ra2+ 47. Kh1 Bf2 48. Ne7 h4 49. Nd5+ Kf7 50. Re7+ Kf8 51. Re5 Bg3 52. Rf5+ Ke8 53. Rxg5 Rh2+ 54. Kg1 Rxh3 55. Rg7 Bd6 56. Nf6+ Kf8 57. Rd7 Be7 58. Nd5 Bc5+ 59. Kg2 Rg3+ 60. Kh1 Rxg4 61. Nc7 Re4 62. Nb5 a5 63. Rd5 Bb4 64. Kg2 a4 65. Rd3 Rc4 66. Kh3 Rc5 67. Nd6 Rc3 68. Rxc3 Bxc3 69. Ne4 Bb4 70. Nf2 a3 0-1

[Event "Landesliga Sued 1718"]
[Site "Bayern"]
[Date "2017.10.22"]
[Round "1.4"]
[White "Pieper, Thomas"]
[Black "Safyanovsky, Mark"]
[Result "1-0"]
[WhiteElo "2225"]
[BlackElo "2154"]
[PlyCount "111"]
[EventDate "2017.10.22"]
[EventType "team-tourn"]
[EventRounds "9"]
[EventCountry "GER"]
[SourceTitle "EXT 2022"]
[Source "ChessBase"]
[SourceDate "2021.10.06"]
[SourceVersion "1"]
[SourceVersionDate "2021.10.06"]
[SourceQuality "1"]
[WhiteTeam "Groebenzell"]
[BlackTeam "Haunstetten TSV"]
[WhiteTeamCountry "GER"]
[BlackTeamCountry "GER"]

1. e4 c5 2. Nf3 d6 3. d4 cxd4 4. Nxd4 Nf6 5. Nc3 a6 6. Bg5 e6 7. f4 h6 8. Bh4 Be7 9. Qf3 Qc7 10. 0-0-0 Nbd7 11. Bd3 g5 12. fxg5 Ne5 13. Qe2 Nfg4 14. Nf3 Nxf3 15. gxf3 hxg5 16. Bg3 Ne5 17. h4 gxh4 18. f4 Nxd3+ 19. Rxd3 Bd7 20. Qe1 0-0-0 21. Bxh4 Bc6 22. Rdh3 Bxh4 23. Rxh4 Rxh4 24. Qxh4 Qb6 25. Qg3 d5 26. exd5 exd5 27. Re1 Qa5 28. Re5 f6 29. Rf5 Qb6 30. Rxf6 d4 31. Nd1 Qa5 32. Qg5 Qxa2 33. Qf5+ Kb8 34. Rf8 Rxf8 35. Qxf8+ Kc7 36. Qg7+ Kd6 37. Qf8+ Kd7 38. Qg7+ Kd6 39. Qe5+ Kd7 40. Qxd4+ Qd5 41. Qxd5+ Bxd5 42. Ne3 Bg8 43. Kd2 Kd6 44. Kc3 Kc5 45. b4+ Kb5 46. Nf5 b6 47. Nd4+ Ka4 48. f5 a5 49. bxa5 bxa5 50. Nc6 Kb5 51. Ne5 Kc5 52. f6 a4 53. f7 Bxf7 54. Nxf7 a3 55. Ne5 a2 56. Kb2 1-0

[Event "Bayern-chI Bank Hofmann 20th"]
[Site "Bad Wiessee"]
[Date "2016.10.31"]
[Round "3"]
[White "Graf, Alexander"]
[Black "Pieper, Thomas"]
[Result "1-0"]
[WhiteElo "2564"]
[BlackElo "2205"]
[PlyCount "51"]
[EventDate "2016.10.29"]
[EventType "swiss"]
[EventRounds "9"]
[EventCountry "GER"]
[SourceTitle "CBM 175 Extra"]
[Source "ChessBase"]
[SourceDate "2016.12.12"]
[SourceVersion "1"]
[SourceVersionDate "2016.12.12"]
[SourceQuality "1"]

1. d4 Nf6 2. c4 g6 3. Nc3 Bg7 4. e4 d6 5. f3 0-0 6. Be3 c5 7. d5 e6 8. dxe6 Bxe6 9. Bd3 Nc6 10. Nge2 Ne5 11. b3 Nxd3+ 12. Qxd3 Nd7 13. 0-0 Ne5 14. Qd2 Qa5 15. h3 Nc6 16. Bh6 Rfd8 17. Bxg7 Kxg7 18. f4 f6 19. f5 Bg8 20. fxg6 hxg6 21. Qf4 Rf8 22. Rad1 Ne5 23. Rxd6 g5 24. Qd2 Bh7 25. Rdxf6 Nf7 26. Qd7 1-0

[Event "WchT Seniors 50"]
[Site "Radebeul"]
[Date "2016.06.30"]
[Round "5.4"]
[White "Pieper, Thomas"]
[Black "Arp, Frans"]
[Result "1/2-1/2"]
[WhiteElo "2226"]
[BlackElo "2047"]
[PlyCount "101"]
[EventDate "2016.06.26"]
[EventType "team-swiss"]
[EventRounds "9"]
[EventCountry "GER"]
[SourceTitle "CBM 173 Extra"]
[Source "ChessBase"]
[SourceDate "2016.08.29"]
[SourceVersion "1"]
[SourceVersionDate "2016.08.29"]
[SourceQuality "1"]
[WhiteTeam "Ulm Post"]
[BlackTeam "Oranje II"]
[WhiteTeamCountry "GER"]
[BlackTeamCountry "NED"]

1. e4 e5 2. d4 exd4 3. Nf3 d5 4. Qxd4 Nf6 5. Bg5 dxe4 6. Qxd8+ Kxd8 7. Nfd2 Bf5 8. Bc4 Nc6 9. Nc3 Bb4 10. 0-0-0 Kc8 11. Bxf6 gxf6 12. Ndxe4 Ne5 13. Bb3 Bxc3 14. Nxc3 c6 15. f4 Ng4 16. Rhe1 Nxh2 17. Re7 Ng4 18. Na4 Rd8 19. Rxd8+ Kxd8 20. Rxf7 Ke8 21. Rxb7 Rd8 22. g3 Ne3 23. c3 Be6 24. Rxh7 Bxb3 25. Rh8+ Ke7 26. Rxd8 Kxd8 27. axb3 f5 28. Nc5 Nf1 29. Ne6+ Kd7 30. Nd4 Nxg3 31. b4 Nh5 32. Ne2 Kd6 33. Kd2 a6 34. Kd3 Kd5 35. b3 Kd6 36. Ke3 Kd5 37. Nc1 Nf6 38. c4+ Kd6 39. Nd3 Ne4 40. Kd4 Ng3 41. Nc5 Nh5 42. Ke3 a5 43. Nb7+ Kc7 44. Nxa5 Kb6 45. Kf3 Ng7 46. Ke3 Ne6 47. c5+ Kb5 48. Nb7 Kxb4 49. Nd6 Kxb3 50. Nxf5 Nxf4 51. Nd4+ 1/2-1/2

[Event "Oberliga Bayern 1516"]
[Site "Bayern"]
[Date "2016.04.10"]
[Round "9.4"]
[White "Bergauz, Noam"]
[Black "Pieper, Thomas"]
[Result "1-0"]
[WhiteElo "2236"]
[BlackElo "2197"]
[PlyCount "127"]
[EventDate "2015.10.11"]
[EventType "team-tourn"]
[EventRounds "9"]
[EventCountry "GER"]
[SourceTitle "EXT 2018"]
[Source "ChessBase"]
[SourceDate "2017.10.13"]
[SourceVersion "1"]
[SourceVersionDate "2017.10.13"]
[SourceQuality "1"]
[WhiteTeam "Muenchen Suedost"]
[BlackTeam "Groebenzell"]
[WhiteTeamCountry "GER"]
[BlackTeamCountry "GER"]

1. e4 e5 2. Nf3 Nc6 3. d4 exd4 4. Nxd4 Nf6 5. Nxc6 bxc6 6. e5 Qe7 7. Qe2 Nd5 8. c4 Ba6 9. b3 g5 10. h4 Bg7 11. Bb2 Nf4 12. Qe3 Ng6 13. hxg5 Nxe5 14. Nc3 h6 15. Rh5 Ng6 16. Qxe7+ Nxe7 17. Na4 Bxb2 18. Nxb2 0-0-0 19. gxh6 Ng6 20. 0-0-0 d6 21. g3 Rde8 22. Nd3 c5 23. Bh3+ Kb8 24. Re1 Rxe1+ 25. Nxe1 Bc8 26. Nf3 Bxh3 27. Rxh3 f6 28. Nd2 Kc8 29. Ne4 f5 30. Ng5 Kd7 31. f4 Ke7 32. Rh1 Kf6 33. h7 Nf8 34. Re1 Nxh7 35. Re6+ Kg7 36. Re7+ Kg6 37. Nf3 Nf6 38. Nh4+ Kh5 39. Rxc7 Ne4 40. Rg7 Nxg3 41. Nxf5 Nxf5 42. Rg5+ Kh6 43. Rxf5 Kg6 44. Rd5 Rd8 45. Kd2 Kf6 46. Ke3 a5 47. Rh5 Re8+ 48. Kd3 Kg6 49. Rd5 Rd8 50. Rg5+ Kf6 51. Ke4 a4 52. Kd5 axb3 53. axb3 Ke7 54. Rg6 Rb8 55. Re6+ Kd7 56. Rxd6+ Kc7 57. Kxc5 Rxb3 58. Rd4 Rh3 59. Kd5 Kd7 60. Ke5+ Ke7 61. f5 Rh6 62. Rf4 Ra6 63. f6+ Kf7 64. c5 1-0

[Event "Oberliga Bayern 1516"]
[Site "Bayern"]
[Date "2016.02.21"]
[Round "7.4"]
[White "Quast, Michael"]
[Black "Pieper, Thomas"]
[Result "1-0"]
[WhiteElo "2272"]
[BlackElo "2197"]
[PlyCount "101"]
[EventDate "2015.10.11"]
[EventType "team-tourn"]
[EventRounds "9"]
[EventCountry "GER"]
[SourceTitle "EXT 2018"]
[Source "ChessBase"]
[SourceDate "2017.10.13"]
[SourceVersion "1"]
[SourceVersionDate "2017.10.13"]
[SourceQuality "1"]
[WhiteTeam "Regensburg Post/Sued"]
[BlackTeam "Groebenzell"]
[WhiteTeamCountry "GER"]
[BlackTeamCountry "GER"]

1. d4 Nf6 2. Nf3 g6 3. Bf4 d6 4. h3 Bg7 5. e3 0-0 6. Be2 Nbd7 7. 0-0 b6 8. c4 e6 9. Nc3 Qe7 10. Nb5 Ne8 11. Qc2 a6 12. Nc3 Bb7 13. Rfd1 f5 14. Rac1 Kh8 15. b4 Nef6 16. Nd2 e5 17. Bh2 Bh6 18. dxe5 Nxe5 19. Nb3 Ne4 20. Nd5 Qh4 21. Bf1 Rae8 22. Nd4 Qd8 23. Bxe5+ Rxe5 24. Nf3 Ree8 25. Qb3 Bg7 26. c5 b5 27. cxd6 cxd6 28. Nc7 Re7 29. Ne6 Rxe6 30. Qxe6 Re8 31. Qb3 Re7 32. Bd3 Bf6 33. Bxe4 Bxe4 34. Nd4 Qe8 35. Qc3 Bb7 36. Qd2 Qa8 37. f3 Qe8 38. Kf2 Bh4+ 39. g3 Bg5 40. Nc2 Qc6 41. Qd4+ Kg8 42. Ne1 Qe8 43. Ng2 d5 44. Nf4 Qf7 45. Nxd5 Qxd5 46. Qxd5+ Bxd5 47. Rc8+ Kg7 48. Rxd5 Bxe3+ 49. Kf1 h5 50. Rc6 f4 51. g4 1-0